Botticelli Inferno (Record no. 44782)

MARC details
000 -Etiqueta do registo
Valores 00446nam a2200181 4500
100 ## - Dados gerais de processamento
Dados gerais 20250918 pory50
101 ## - Língua de publicação
Língua por
-- it
102 ## - País de publicação
País PT
200 ## - Titulo e menção de responsabilidade
Título próprio Botticelli Inferno
Primeira menção de responsabilidade dir. e arg. Ralph Loop
Outras menções de responsabilidade fot. Tobias Rupp
210 ## - Publicação
Nome do editor Festa do Cinema italiano.com
215 ## - Descrição física 
Paginação / Volumes 1 DVD
225 ## - Colecção 
Título próprio da colecção A grande arte no Cinema
Indicação de volume 2
300 ## - Notas gerais 
Texto da nota M/12<br/>93 m.
675 ## - CDU
Notação 7
801 ## - Fonte de origem
País PT
Regras de catalogação RPC
990 ## - Elementos KOHA
Tipo de documento Filme DVD
Holdings
Aquisição Empréstimo Código de barras Cota Permissão de empréstimo Tipo de documento Nota relativa ao exemplar
Biblioteca Escolar Doutor Hernâni Cidade Biblioteca Escolar Doutor Hernâni Cidade 80941 DOC ART   Filme DVD 477 Docum. sobre a obra de arte de Botticelli : «o Inferno»

Powered by Koha